Statistics for Billy Joel Album Years

Click here to take the quiz!

General Stats

  • This quiz has been taken 25 times
  • The average score is 10 of 13

Answer Stats

HintAnswer% Correct
1973Piano Man
90%
1993River of Dreams
90%
1977The Stranger
90%
197852nd Street
81%
1980Glass Houses
81%
1982The Nylon Curtain
81%
1971Cold Spring Harbor
76%
1986The Bridge
76%
1976Turnstiles
76%
1989Storm Front
71%
1974Streetlife Serenade
71%
1983An Innocent Man
62%
2001Fantasies & Delusions
52%

Score Distribution

Percentile by Number Answered

Percent of People with Each Score

Your Score History

You have not taken this quiz